China's Borders Quiz Stats

 Plays Quiz Updated Jul 20, 2018

Score 0/14 Timer 02:00
24 Plays Today
Country % Correct
Russia
97.3%
Mongolia
94.3%
India
94%
North Korea
90.5%
Vietnam
85.9%
Nepal
85.7%
Laos
80.5%
Country % Correct
Pakistan
79.9%
Myanmar
72%
Kazakhstan
70.4%
Afghanistan
68.8%
Bhutan
65.9%
Tajikistan
61.6%
Kyrgyzstan
58%

You're not logged in!

Compare scores with friends on all Sporcle quizzes.
OR
Log In

Sporcle TV

Today on Sporcle TV


Watch our educational content, quiz creation guides, and fun videos on Sporcle TV.

Show Comments

Extras

Top Quizzes Today


Score Distribution

Your Account Isn't Verified!

In order to create a playlist on Sporcle, you need to verify the email address you used during registration. Go to your Sporcle Settings to finish the process.

Report this User

Report this user for behavior that violates our Community Guidelines.

Details: